| 000 | 01256nam a22003497a 4500 | ||
|---|---|---|---|
| 003 | CHAP | ||
| 005 | 20220329133844.0 | ||
| 008 | 971013s1982 r 00010 d | ||
| 010 | _a11849 | ||
| 011 | _a12821 | ||
| 035 | _a16522 | ||
| 040 | _cCHAP | ||
| 090 | _aTesis | ||
| 100 | 0 | 0 |
_aRodríguez Maciel, J. Concepción. _998665 |
| 245 | 1 | _aDivisión de los insecticidas y acaricidas de acuerdo a grupos toxicológicos; una base para su manejo racional | |
| 260 |
_aChapingo, Méx. : _bEl autor, _c1982 |
||
| 300 | _a174 h. | ||
| 502 | _aTesis (Ing. Agr. Esp. en Parasitología Agrícola) -- UACH. Departamento de Parasitología Agrícola | ||
| 590 |
_aALEPH _b10 _c20130110 _lUCH01 _h1230 |
||
| 590 |
_aBATCH-UPD _b10 _c20130110 _lUCH01 _h1733 |
||
| 590 |
_aBATCH-UPD _b10 _c20130410 _lUCH01 _h1114 |
||
| 590 |
_aBATCH-UPD _b10 _c20130913 _lUCH01 _h1900 |
||
| 590 |
_aCONVERSION _b10 _c20130109 _lUCH01 _h1308 |
||
| 650 | 1 | 4 |
_aAcaricidas _xToxicidad. _9407 |
| 650 | 1 | 4 |
_aInsecticidas _xToxicidad. _958882 |
| 650 | 1 | 4 |
_aInsectos _xResistencia a insecticidas. _958941 |
| 901 | _aBK | ||
| 942 | _cFOLL | ||
| 949 |
_bBC _cTES _d-154234 _eTS1 _i16522 _si |
||
| 949 |
_bBC _cTES _d-154235 _eTS2 _fc.2 _i16522 _si |
||
| 949 |
_bBC _cTES _d-154236 _eTS2 _fc.3 _h21604 _i16522 _si |
||
| 999 |
_c11849 _d11849 |
||